अध्यापक शिक्षा में गुणवत्ता/ (Record no. 68070)

MARC details
000 -LEADER
fixed length control field 04314nam a22003857a 4500
005 - DATE AND TIME OF LATEST TRANSACTION
control field 20120619165735.0
010 ## - LCCN (DPL NO)
LC control number B-483434-445
020 ## - INTERNATIONAL STANDARD BOOK NUMBER
International Standard Book Number 9788179753989
Terms of availability 450.00
035 ## - SYSTEM CONTROL NUMBER
System control number B-483434-445
037 ## - SOURCE OF ACQUISITION
Source of stock number/acquisition के.के.पब्लिकेशंस
082 ## - DEWEY DECIMAL CLASSIFICATION NUMBER
Classification number 370.71
245 ## - TITLE STATEMENT
Title अध्यापक शिक्षा में गुणवत्ता/
Statement of responsibility, etc ज्योत्सना सक्सेना, गीतिका मेहरोत्रा एंव सुहासिनी श्रीवास्तव द्वारा सम्पादित
260 ## - PUBLICATION, DISTRIBUTION, ETC. (IMPRINT)
Place of publication, distribution, etc नई दिल्ली
Name of publisher, distributor, etc अनामिका पब्लिशर्स
Date of publication, distribution, etc 2011
270 ## - ADDRESS
Address 4697/3, 21 ए, अंसारी रोड, दरियागंज
City नई दिल्ली
Postal code 110002
Telephone number 23281655
300 ## - PHYSICAL DESCRIPTION
Extent 208 पृ.
Dimensions 22 सें.मी. (सजिल्द)
700 ## - ADDED ENTRY--PERSONAL NAME
Personal name सक्सेना, ज्योत्सना
9 (RLIN) 49220
700 ## - ADDED ENTRY--PERSONAL NAME
Personal name मेहरोत्रा, गीतिका
9 (RLIN) 49321
700 ## - ADDED ENTRY--PERSONAL NAME
Personal name श्रीवास्तव, सुहासिनी
9 (RLIN) 49322
700 ## - ADDED ENTRY--PERSONAL NAME
Personal name मिश्र, यतीन्द्र
9 (RLIN) 49266
942 ## - ADDED ENTRY ELEMENTS (KOHA)
Source of classification or shelving scheme Dewey Decimal Classification
Item type Hindi Books
Call number suffix अध्याप
Classification part 370.71
Holdings
Withdrawn status Lost status Not for loan Home library Current library Date acquired Cost, normal purchase price Full call number Cost, replacement price Koha item type Collection code Source of acquisition Barcode Copy number
      Andrews Gunj Andrews Gunj 19/06/2012 450.00 अध्याप 450.00 Hindi Books        
      Bawana Bawana 08/10/2012 450.00 370.71 अध्याप 450.00 Hindi Books Non-fiction के.के.पब्लिकेशंस/2176/10.08.12/1/27.07.12/03.09.12 B-483443 1
      Central Jail Tihar Central Jail Tihar 08/10/2012 450.00 370.71 अध्याप 450.00 Hindi Books Non-fiction के.के.पब्लिकेशंस/2176/10.08.12/1/27.07.12/03.09.12 B-483439 1
      Central Library Central Library 08/10/2012 450.00 370.71 अध्याप 450.00 Hindi Books Non-fiction के.के.पब्लिकेशंस/2176/10.08.12/1/27.07.12/03.09.12 B-483434 1
      Janak Puri Janak Puri 08/10/2012 450.00 370.71 अध्याप 450.00 Hindi Books Non-fiction के.के.पब्लिकेशंस/2176/10.08.12/1/27.07.12/03.09.12 B-483440 1
      Kasturba Gandhi Marg Kasturba Gandhi Marg 08/10/2012 450.00 370.71 अध्याप 450.00 Hindi Books Non-fiction के.के.पब्लिकेशंस/2176/10.08.12/1/27.07.12/03.09.12 B-483436 1
      New Rohtak Road New Rohtak Road 08/10/2012 450.00 370.71 अध्याप 450.00 Hindi Books Non-fiction के.के.पब्लिकेशंस/2176/10.08.12/1/27.07.12/03.09.12 B-483444 1
      Patel Nagar Patel Nagar 08/10/2012 450.00 370.71 अध्याप 450.00 Hindi Books Non-fiction के.के.पब्लिकेशंस/2176/10.08.12/1/27.07.12/03.09.12 B-483435 1
      Peshwa Road Peshwa Road 08/10/2012 450.00 370.71 अध्याप 450.00 Hindi Books Non-fiction के.के.पब्लिकेशंस/2176/10.08.12/1/27.07.12/03.09.12 B-483437 1
      Sarojini Nagar Sarojini Nagar 08/10/2012 450.00 370.71 अध्याप 450.00 Hindi Books Non-fiction के.के.पब्लिकेशंस/2176/10.08.12/1/27.07.12/03.09.12 B-483441 1
      Shahdara Branch Shahdara Branch 08/10/2012 450.00 370.71 अध्याप 450.00 Hindi Books Non-fiction के.के.पब्लिकेशंस/2176/10.08.12/1/27.07.12/03.09.12 B-483445 1
      Tri Nagar Tri Nagar 08/10/2012 450.00 370.71 अध्याप 450.00 Hindi Books Non-fiction के.के.पब्लिकेशंस/2176/10.08.12/1/27.07.12/03.09.12 B-483438 1
      Vinoba Puri Vinoba Puri 08/10/2012 450.00 370.71 अध्याप 450.00 Hindi Books Non-fiction के.के.पब्लिकेशंस/2176/10.08.12/1/27.07.12/03.09.12 B-483442 1

© Delhi Public Library
Hit Counter
free hit counter